000
00349nam a2200121Ia 4500
008
151001s9999||||xx |||||||||||||| ||und||
100
_a
सुहास शिरवळकर
245
_a
अज्ञात
250
_a
1
260
_b
शब्दसन्मान प्रकाशन पुणे
300
_a
139
365
_b
18
999
_c
996919
_d
996916